Countries Closest to Slovakia - Statistics

General Stats
  • This quiz has been taken 2,712 times
  • The average score is 18 of 20
Answer Stats
km country miles % Correct
0 Poland 0
99%
0 Austria 0
98%
0 Czechia 0
98%
224 Germany 139
98%
0 Hungary 0
98%
0 Ukraine 0
96%
168 Croatia 104
95%
142 Slovenia 88
94%
71 Romania 44
93%
189 Serbia 118
93%
304 Italy 189
92%
539 Russia 335
91%
267 Belarus 166
87%
282 Bosnia and Herzegovina 175
87%
502 Switzerland 312
86%
497 Bulgaria 309
85%
321 Moldova 200
81%
527 Kosovo 328
80%
517 Lithuania 321
80%
468 Montenegro 291
79%
No matching quizzes found
Score Distribution
Percent of People with Each Score
Percentile by Number Answered
Your Score History
You have not taken this quiz